|
|
|
|
| LEADER |
00000nam a2200000 a 4500 |
| 001 |
vtls010275879 |
| 003 |
SK-MaSNL |
| 005 |
20260301093742.0 |
| 008 |
180809s2010 xo o g 000 ubslo |
| 015 |
|
|
|a SNBA2011/07-03589
|
| 020 |
|
|
|a 9788089070541
|q (viaz.)
|
| 035 |
|
|
|a EDC9A82A-6EFF-4EB2-BFB5-8A177F129F34
|
| 035 |
|
|
|a urn:nbn:sk:snk-amjhqk
|
| 035 |
|
|
|a urn:nbn:sk:snk-am001ye7
|
| 040 |
|
|
|a SNK
|b slo
|c SNK
|e AACR2
|
| 041 |
|
|
|a slo
|
| 044 |
|
|
|a xo
|c SK
|
| 072 |
|
7 |
|a 74
|x Kresba. Umelecké remeslá
|2 konspekt
|
| 080 |
|
|
|a 730.012.7
|2 2001
|
| 080 |
|
|
|a 745.51.021.7.071.1
|2 2001
|
| 080 |
|
|
|a (084.11)
|2 2001
|
| 245 |
0 |
0 |
|a Štefan Siváň v jeho začiatkoch, keď ešte nerobil veľké úle
|
| 246 |
1 |
4 |
|a Siváňove sochy
|
| 260 |
|
|
|a Námestovo
|b Štúdio F
|c 2010
|
| 300 |
|
|
|a 59 s.
|b fotogr.
|c 25 cm
|
| 500 |
|
|
|a Biogr. údaje. Vyd. pre Mariána Grígeľa, Námestovo
|
| 600 |
1 |
7 |
|a Siváň, Štefan,
|d 1906-1995
|2 SNKMA
|9 38330
|
| 650 |
0 |
7 |
|a umelecké rezbárstvo
|2 SNKPH
|9 2734
|
| 650 |
0 |
7 |
|a rezbári
|2 SNKPH
|9 55567
|
| 650 |
0 |
7 |
|a Wood-carving
|2 SNKPHeng
|9 318877
|
| 650 |
0 |
7 |
|a Carvers
|2 SNKPengH
|9 292488
|
| 655 |
|
7 |
|a obrazové publikácie
|2 SNKPH
|9 70343
|
| 655 |
|
7 |
|a Pictorial works
|2 SNKPengH
|9 284468
|
| 919 |
|
|
|a 978-80-89070-54-1
|
| 958 |
|
|
|a BX
|
| 958 |
|
|
|a OND
|
| 968 |
|
|
|d 73/77
|
| 999 |
|
|
|c 678043
|d 679973
|
| 952 |
|
|
|a SNK
|b SNK
|y PREZ
|7 0
|p 17A0702439
|o snkSC 145277
|i snk2011/10364
|8 0
|0 0
|1 0
|4 0
|d 2011-05-05
|l 0
|r 2025-07-14 00:00:00
|w 2026-02-23
|
| 952 |
|
|
|a SNK
|b SNK
|y VYP
|7 0
|p 17A0702440
|o snkSC 145277 D1
|i snk2011/10367
|8 0
|0 0
|1 0
|4 0
|d 2011-05-05
|f 1
|l 0
|r 2026-02-23 19:47:49
|w 2026-02-23
|